LBrand Trivia - Statistics

General Stats
  • This quiz has been taken 22 times
  • The average score is 9 of 20
Answer Stats
Hint Answer % Correct
Where does LBrand want to go to college? Duke
89%
How much does LBrand weigh(pounds)? 190
67%
What is LBrand's middle name? Alexander
67%
What is LBrand's favorite Christmas movie? Elf
67%
When is LBrand's birthday? May 24
67%
What is Lbrand's favorite movie? The Shawshank Redemption
67%
Of the people that sit at the lunch table, who did LBrand meet first? Matthew Scott
44%
What is LBrand's least favorite class he has taken in highschool? Spanish
44%
What is LBrand's current max bench press(pounds)? 245
33%
Who is LBrand's favorite fictional character? Anakin Skywalker
33%
What is LBrand's favorite Fortnite skin? Cuddle Team Leader
33%
What would LBrand say if you asked him what his favorite TV show was? Game of Thrones
33%
What is LBrand's favorite restaurant? House of Japan
33%
What is the name of LBrand's eldest sibling? Samantha
33%
What is LBrand's actual favorite TV show? Schitt's Creek
33%
What is the lowest score that LBrand has ever shot(golf)? 80
22%
Who does LBrand view as the GOAT for the four major American sports(enter the last name only of each athlete, separated by commas, in this order: NFL, MLB, NBA, NHL(ex: Marino, Trout, Chamberlin, Crosby)) Brady, Bonds, James, Gretzky
22%
What is LBrand's favorite non-SBD lift? Pec Deck
22%
What is LBrand's favorite golf club? Pitching Wedge
22%
Who is LBrand's favorite professional athlete? Shohei Ohtani
22%
No matching quizzes found
Score Distribution
Percent of People with Each Score
Percentile by Number Answered
Your Score History
You have not taken this quiz